[Event "Titled Tuesday intern op 03rd Sep Early"]
[Site "Chess.com INT"]
[Date "2024.09.03"]
[Round "4"]
[White "Ghoreishi Amiri, Seyed Kian"]
[Black "Bilan, Danila"]
[Result "1-0"]
[WhiteElo "2063"]
[BlackElo "2303"]
[PlyCount "141"]
[EventDate "2024.09.03"]
[EventType "swiss (blitz)"]
[EventRounds "11"]
[EventCountry "USA"]
[SourceTitle "EXT 2025"]
[Source "ChessBase"]
[SourceDate "2024.10.14"]
[SourceVersion "1"]
[SourceVersionDate "2024.10.14"]
[SourceQuality "1"]

1. e4 c6 2. d4 d5 3. exd5 cxd5 4. Bd3 Nc6 5. c3 Qc7 6. h3 g6 7. Nf3 Bf5 8. 0-0 Nf6 9. Bxf5 gxf5 10. Re1 e6 11. Nbd2 Bd6 12. Nb3 Ne4 13. Ng5 Rg8 14. Nxe4 fxe4 15. Be3 f5 16. Qh5+ Rg6 17. Nc5 Bxc5 18. dxc5 f4 19. Bd2 0-0-0 20. Kh1 Rdg8 21. Rg1 Qf7 22. Qh4 e5 23. b4 Ne7 24. Qh5 Nf5 25. Qd1 f3 26. g4 h5 27. g5 e3 28. Bxe3 Nxe3 29. fxe3 f2 30. Rg2 Rxg5 31. Rxg5 Rxg5 32. Qe2 Qf5 33. Kh2 h4 34. Qb5 Rg8 35. c6 b6 36. Qa6+ Kc7 37. Qb7+ Kd8 38. Qb8+ Ke7 39. Qxg8 f1Q 40. Rxf1 Qxf1 41. Qg7+ Ke8 42. Qd7+ Kf8 43. Qd8+ Kf7 44. Qxd5+ Kf6 45. Qd6+ Kf7 46. Qd7+ Kg6 47. Qe6+ Kh7 48. Qe7+ Kg6 49. Qxh4 Qe2+ 50. Kg1 Qd1+ 51. Kg2 Qd5+ 52. Kh2 Qxc6 53. Qg4+ Kf6 54. c4 Qd6 55. Qf3+ Ke7 56. Qe4 Qd2+ 57. Kg3 Kf6 58. Qf3+ Ke6 59. Qd5+ Qxd5 60. cxd5+ Kxd5 61. h4 Ke4 62. Kg4 Kxe3 63. h5 Kd3 64. h6 e4 65. h7 e3 66. h8Q e2 67. Qe5 Kd2 68. Qd4+ Kc1 69. Qe3+ Kd1 70. Qd3+ Ke1 71. Kf3 1-0

[Event "Titled Tuesday intern op 27th Aug Early"]
[Site "Chess.com INT"]
[Date "2024.08.27"]
[Round "1"]
[White "Ghoreishi Amiri, Seyed Kian"]
[Black "Gubajdullin, Alexey"]
[Result "0-1"]
[WhiteElo "2063"]
[BlackElo "2238"]
[PlyCount "134"]
[EventDate "2024.08.27"]
[EventType "swiss (blitz)"]
[EventRounds "11"]
[EventCountry "USA"]
[SourceTitle "EXT 2025"]
[Source "ChessBase"]
[SourceDate "2024.10.14"]
[SourceVersion "1"]
[SourceVersionDate "2024.10.14"]
[SourceQuality "1"]

1. e4 c5 2. Nf3 g6 3. d4 cxd4 4. Nxd4 Nf6 5. Nc3 d6 6. Bc4 Bg7 7. 0-0 0-0 8. Bb3 Nc6 9. Nxc6 bxc6 10. f3 Nd7 11. Be3 Qa5 12. Bd4 Bxd4+ 13. Qxd4 Qb6 14. Qxb6 axb6 15. Rfd1 b5 16. a4 b4 17. Na2 c5 18. c3 bxc3 19. Nxc3 Rb8 20. Bc4 Rxb2 21. Nd5 Re8 22. Nc7 Rd8 23. Nd5 Kf8 24. a5 Ne5 25. Bf1 Bb7 26. Rab1 Rxb1 27. Rxb1 Bxd5 28. exd5 Ra8 29. a6 c4 30. f4 Nd3 31. Ra1 Ke8 32. Ra4 Nc5 33. Rxc4 Nxa6 34. Ra4 Nc7 35. Rd4 Kd8 36. Kf2 Ra5 37. Bc4 Ra4 38. Ke3 Ne8 39. Kd3 Nf6 40. Kc3 Nd7 41. Rd2 Ra3+ 42. Kb4 Ra7 43. Kc3 Nc5 44. Re2 Ra3+ 45. Kd4 Ra4 46. Kc3 f5 47. Rb2 Ra8 48. Kd4 Rc8 49. Bb5 Rb8 50. Rb1 Na6 51. Bd3 Rxb1 52. Bxb1 Nc5 53. Bc2 Ke8 54. Kc4 Kf7 55. Kb5 Kf6 56. Kc6 Na6 57. Kd7 Nb4 58. Bb3 Nd3 59. Bc4 Nxf4 60. g3 Nh3 61. Bf1 Ng5 62. Bd3 Nf3 63. Be2 Nxh2 64. Ke8 h5 65. Kf8 Ng4 66. Kg8 Ne3 67. Kh7 Nxd5 0-1

[Event "Titled Tuesday intern op 27th Aug Early"]
[Site "Chess.com INT"]
[Date "2024.08.27"]
[Round "2"]
[White "Ghoreishi Amiri, Seyed Kian"]
[Black "Sharshenbekov, Emir"]
[Result "1-0"]
[WhiteElo "2063"]
[BlackElo "2078"]
[PlyCount "85"]
[EventDate "2024.08.27"]
[EventType "swiss (blitz)"]
[EventRounds "11"]
[EventCountry "USA"]
[SourceTitle "EXT 2025"]
[Source "ChessBase"]
[SourceDate "2024.10.14"]
[SourceVersion "1"]
[SourceVersionDate "2024.10.14"]
[SourceQuality "1"]

1. Nf3 Nf6 2. g3 g6 3. Bg2 Bg7 4. 0-0 0-0 5. c4 d6 6. d4 c5 7. Nc3 Nc6 8. d5 Na5 9. Nd2 Rb8 10. e4 Ne8 11. Rb1 a6 12. Qc2 b5 13. b3 Bd7 14. Bb2 Qc7 15. Ba1 Nf6 16. h3 Rb7 17. Ne2 Rfb8 18. f4 bxc4 19. Nxc4 Nxc4 20. bxc4 Rb4 21. Rxb4 cxb4 22. e5 Bf5 23. Qb3 Nd7 24. exd6 Qxd6 25. Bxg7 Kxg7 26. Nd4 Qc5 27. Qe3 Kg8 28. g4 Nb6 29. Nxf5 Rc8 30. Nxe7+ Kf8 31. Qxc5 Rxc5 32. Nc6 Rxc4 33. d6 f6 34. Rd1 Nd7 35. Rd4 Rc1+ 36. Kh2 a5 37. Nxa5 Rc2 38. Rxb4 Rxa2 39. Nc6 Rd2 40. Nb8 Nc5 41. d7 Ke7 42. Rc4 Nxd7 43. Rc7 1-0

[Event "Abu Dhabi Masters Online"]
[Site "Chess.com INT"]
[Date "2024.08.21"]
[Round "4"]
[White "Demchenko, Anton"]
[Black "Ghoreishi Amiri, Seyed Kian"]
[Result "1/2-1/2"]
[WhiteElo "2597"]
[BlackElo "2063"]
[PlyCount "123"]
[EventDate "2024.08.21"]
[EventType "swiss (blitz)"]
[EventRounds "11"]
[EventCountry "UAE"]
[SourceTitle "CBM 221 Extra"]
[Source "ChessBase"]
[SourceDate "2024.09.30"]
[SourceVersion "1"]
[SourceVersionDate "2024.09.30"]
[SourceQuality "1"]

1. e4 e6 2. d4 d5 3. Nd2 c5 4. exd5 Qxd5 5. dxc5 Bxc5 6. Ngf3 Nf6 7. Bd3 0-0 8. 0-0 Nc6 9. Qe2 e5 10. Ne4 Nxe4 11. Bxe4 Qd8 12. Rd1 Qe7 13. c3 f6 14. Qc2 f5 15. Bd5+ Kh8 16. b4 Bd6 17. b5 Nb8 18. Bg5 Qc7 19. Qe2 e4 20. Nh4 g6 21. Qd2 Bxh2+ 22. Kh1 Be5 23. Qe3 Qxc3 24. Qxc3 Bxc3 25. Rac1 Be5 26. f4 exf3 27. Nxf3 Nd7 28. Be6 Nb6 29. Bxc8 Raxc8 30. Nxe5 Rxc1 31. Rxc1 Re8 32. Bf6+ Kg8 33. Rc7 Re6 34. Rg7+ Kf8 35. Rf7+ Ke8 36. Rxh7 Rxf6 37. Rxb7 Nc8 38. Rc7 Kd8 39. Rd7+ Ke8 40. Rc7 Kd8 41. Rb7 Nd6 42. Nc6+ Kc8 43. Rxa7 Nxb5 44. Ra6 Nc7 45. Rb6 Rd6 46. Ne7+ Kd7 47. Rxd6+ Kxd6 48. Nxg6 Ke6 49. Nf4+ Ke5 50. g3 Nb5 51. Kg2 Nc3 52. a3 Ke4 53. Nh5 Na4 54. Kh3 Nc3 55. Kh4 Ne2 56. a4 Kd5 57. a5 Kc6 58. Nf4 Nxg3 59. Kxg3 Kb5 60. Kh4 Kxa5 61. Kg5 Kb5 62. Kxf5 1/2-1/2

[Event "Abu Dhabi Masters Online"]
[Site "Chess.com INT"]
[Date "2024.08.21"]
[Round "2"]
[White "Ghoreishi Amiri, Seyed Kian"]
[Black "Inonu, Muhsin Munci"]
[Result "1-0"]
[WhiteElo "2063"]
[BlackElo "1996"]
[PlyCount "81"]
[EventDate "2024.08.21"]
[EventType "swiss (blitz)"]
[EventRounds "11"]
[EventCountry "UAE"]
[SourceTitle "CBM 221 Extra"]
[Source "ChessBase"]
[SourceDate "2024.09.30"]
[SourceVersion "1"]
[SourceVersionDate "2024.09.30"]
[SourceQuality "1"]

1. e4 e5 2. Nf3 Nc6 3. Bc4 Bc5 4. c3 Nf6 5. d4 exd4 6. e5 d5 7. Bb5 Ne4 8. cxd4 Bb4+ 9. Bd2 Nxd2 10. Nbxd2 0-0 11. 0-0 Bg4 12. Bxc6 bxc6 13. h3 Bh5 14. Qc2 Rb8 15. a3 Ba5 16. b4 Bb6 17. Qxc6 f6 18. e6 Re8 19. Rfe1 Qd6 20. Qxd6 cxd6 21. g4 Bg6 22. Rac1 Rbc8 23. a4 a5 24. b5 Kf8 25. h4 h5 26. g5 Ke7 27. gxf6+ gxf6 28. Rxc8 Rxc8 29. Nb3 Rc4 30. Nfd2 Rxa4 31. Rc1 Rb4 32. Rc6 Rxb5 33. Nc1 Bxd4 34. Ne2 Bc5 35. Nf4 Be4 36. Rc7+ Kd8 37. e7+ Ke8 38. Nxe4 dxe4 39. Ne6 Rb8 40. Ng7+ Kf7 41. e8Q# 1-0

[Event "Abu Dhabi Masters Online"]
[Site "Chess.com INT"]
[Date "2024.08.21"]
[Round "11"]
[White "Gutierrez Olivares, Daniel"]
[Black "Ghoreishi Amiri, Seyed Kian"]
[Result "1-0"]
[WhiteElo "2354"]
[BlackElo "2063"]
[PlyCount "111"]
[EventDate "2024.08.21"]
[EventType "swiss (blitz)"]
[EventRounds "11"]
[EventCountry "UAE"]
[SourceTitle "CBM 221 Extra"]
[Source "ChessBase"]
[SourceDate "2024.09.30"]
[SourceVersion "1"]
[SourceVersionDate "2024.09.30"]
[SourceQuality "1"]

1. Nf3 Nf6 2. g3 b5 3. Bg2 Bb7 4. Na3 a6 5. c4 e6 6. cxb5 Bxa3 7. bxa6 Rxa6 8. bxa3 c5 9. Bb2 d6 10. 0-0 0-0 11. Rb1 Bc6 12. Qb3 Nbd7 13. d4 cxd4 14. Nxd4 Bxg2 15. Kxg2 Qa8+ 16. Kg1 Rb8 17. Qc2 Rab6 18. Nb3 d5 19. Rbd1 e5 20. Qf5 g6 21. Qg5 Ne4 22. Qh6 g5 23. Qh5 Ndf6 24. Qf3 Re6 25. Qf5 h6 26. Bxe5 Rbe8 27. Bd4 Nd6 28. Qf3 Nfe4 29. e3 f5 30. Nc5 Nxc5 31. Bxc5 Ne4 32. Bb4 Rf6 33. Rd4 f4 34. exf4 gxf4 35. Qg4+ Kh7 36. Qh5 fxg3 37. hxg3 Ng5 38. f4 Qa7 39. Rfd1 Re4 40. Bc3 Ne6 41. Qxd5 Nxd4 42. Bxd4 Rxd4 43. Qxd4 Qxa3 44. Qd3+ Qxd3 45. Rxd3 Ra6 46. a3 Kg6 47. Kg2 Kf5 48. Kf3 h5 49. Re3 Ra5 50. Re5+ Rxe5 51. fxe5 Kxe5 52. a4 Kd4 53. Kf4 Kc4 54. Kg5 Kb4 55. Kxh5 Kxa4 56. g4 1-0

[Event "Titled Tuesday intern op 06th Aug Early"]
[Site "Chess.com INT"]
[Date "2024.08.06"]
[Round "7"]
[White "Ghoreishi Amiri, Seyed Kian"]
[Black "Harshavardhan, GB."]
[Result "0-1"]
[WhiteElo "2063"]
[BlackElo "2401"]
[PlyCount "92"]
[EventDate "2024.08.06"]
[EventType "swiss (blitz)"]
[EventRounds "11"]
[EventCountry "USA"]
[SourceTitle "EXT 2025"]
[Source "ChessBase"]
[SourceDate "2024.10.14"]
[SourceVersion "1"]
[SourceVersionDate "2024.10.14"]
[SourceQuality "1"]

1. e4 e5 2. Nf3 Nc6 3. Nc3 Nf6 4. d4 exd4 5. Nxd4 Bc5 6. Be3 Bb6 7. Be2 0-0 8. Nf5 Re8 9. Bxb6 axb6 10. 0-0 Nxe4 11. Nxe4 Rxe4 12. Bd3 Re8 13. Qg4 Qf6 14. Rae1 Re6 15. Ng3 g6 16. f4 d6 17. f5 Rxe1 18. Rxe1 Bd7 19. Nh5 Qxb2 20. Qg5 Qd4+ 21. Kh1 Bxf5 22. Rf1 Bxd3 23. Nf6+ Kg7 24. Nh5+ Kh8 25. cxd3 gxh5 26. Qxh5 Rg8 27. Qxf7 Qg7 28. Qf2 Ne5 29. d4 Ng4 30. Qf4 Qg5 31. Qf3 Ne3 32. Rg1 c6 33. g3 Qd5 34. Qxd5 Nxd5 35. Rf1 Ra8 36. Rf7 Rxa2 37. Rxb7 Rd2 38. Rd7 Rxd4 39. Rxd6 Rc4 40. Rd8+ Kg7 41. Rd7+ Kg6 42. Rd6+ Kf5 43. Kg2 b5 44. Kf2 b4 45. Ke2 b3 46. Kd3 Rb4 0-1

[Event "Titled Tuesday intern op 06th Aug Early"]
[Site "Chess.com INT"]
[Date "2024.08.06"]
[Round "6"]
[White "Porozhniak, Maya"]
[Black "Ghoreishi Amiri, Seyed Kian"]
[Result "0-1"]
[WhiteElo "1939"]
[BlackElo "2063"]
[PlyCount "136"]
[EventDate "2024.08.06"]
[EventType "swiss (blitz)"]
[EventRounds "11"]
[EventCountry "USA"]
[SourceTitle "EXT 2025"]
[Source "ChessBase"]
[SourceDate "2024.10.14"]
[SourceVersion "1"]
[SourceVersionDate "2024.10.14"]
[SourceQuality "1"]

1. e4 e6 2. d4 d5 3. exd5 exd5 4. Qf3 Nf6 5. h3 Be7 6. Bd3 0-0 7. Ne2 c5 8. c3 cxd4 9. Nxd4 Nc6 10. Nxc6 bxc6 11. 0-0 Be6 12. Re1 Rb8 13. Nd2 c5 14. Nf1 h6 15. Ng3 Bd6 16. Nf5 Bxf5 17. Qxf5 g6 18. Qf3 Kg7 19. Re2 Nd7 20. Qxd5 Nb6 21. Qf3 c4 22. Bc2 Qc7 23. Be3 Bc5 24. Rd1 Rbd8 25. Red2 Rxd2 26. Rxd2 Bxe3 27. Qxe3 Rd8 28. g3 Kg8 29. Qxh6 Re8 30. Rd1 Qe7 31. Qd2 Qf6 32. Kg2 Qc6+ 33. Kg1 Qf3 34. Re1 Rxe1+ 35. Qxe1 Qf6 36. Qe3 a6 37. b3 Nd5 38. Qd4 Qxd4 39. cxd4 c3 40. a3 Kf8 41. Kf1 Ke7 42. Ke2 Kd6 43. Kd3 Kc6 44. Kc4 Kd6 45. Be4 f5 46. Bxd5 c2 47. Bf7 c1Q+ 48. Kb4 Qd2+ 49. Ka4 Qxd4+ 50. b4 Qxf2 51. Bxg6 Ke6 52. Bh7 Qxg3 53. Ka5 Qxh3 54. Bg8+ Kf6 55. Kxa6 f4 56. Bc4 f3 57. a4 Qc8+ 58. Kb5 f2 59. a5 Ke7 60. a6 Kd6 61. Bd3 Qb8+ 62. Ka5 Kc7 63. b5 Qb6+ 64. Kb4 Qd4+ 65. Bc4 f1Q 66. b6+ Qxb6+ 67. Ka4 Qa1+ 68. Ba2 Qxa2# 0-1

[Event "IRI-ch"]
[Site "Rasht"]
[Date "2024.07.23"]
[Round "8"]
[White "Ghoreishi Amiri, Seyed Kian"]
[Black "Ashraf, Artin"]
[Result "0-1"]
[WhiteElo "2126"]
[BlackElo "2391"]
[PlyCount "64"]
[EventDate "2024.07.18"]
[EventType "tourn"]
[EventRounds "11"]
[EventCountry "IRI"]
[SourceTitle "EXT 2025"]
[Source "ChessBase"]
[SourceDate "2024.10.14"]
[SourceVersion "1"]
[SourceVersionDate "2024.10.14"]
[SourceQuality "1"]

1. e4 c5 2. Nf3 d6 3. d4 cxd4 4. Nxd4 Nf6 5. Nc3 a6 6. f3 e6 7. Be3 b5 8. Qd2 Nbd7 9. g4 b4 10. Nce2 h6 11. h4 d5 12. exd5 Nxd5 13. Nf4 Nxe3 14. Qxe3 Qb6 15. 0-0-0 Bc5 16. Qd3 0-0 17. Nfe2 Bb7 18. Bg2 Ne5 19. Qb3 Rfd8 20. c3 Nxg4 21. fxg4 Bxg2 22. Rhe1 Be4 23. Ng3 Bh7 24. Nge2 Rac8 25. Nc2 Bf2 26. Rf1 Qe3+ 27. Nxe3 Bxe3+ 28. Rd2 Bxd2+ 29. Kd1 Bxc3+ 30. Kc1 Be5+ 31. Nc3 bxc3 32. bxc3 Bxc3 0-1

[Event "IRI-ch"]
[Site "Rasht"]
[Date "2024.07.22"]
[Round "6"]
[White "Ghoreishi Amiri, Seyed Kian"]
[Black "Nikookar, Mahdi"]
[Result "0-1"]
[WhiteElo "2126"]
[BlackElo "2151"]
[PlyCount "138"]
[EventDate "2024.07.18"]
[EventType "tourn"]
[EventRounds "11"]
[EventCountry "IRI"]
[SourceTitle "EXT 2025"]
[Source "ChessBase"]
[SourceDate "2024.10.14"]
[SourceVersion "1"]
[SourceVersionDate "2024.10.14"]
[SourceQuality "1"]

1. e4 e5 2. Nf3 Nc6 3. Bc4 Nf6 4. d4 exd4 5. e5 d5 6. Bb5 Ne4 7. Nxd4 Bd7 8. Bxc6 bxc6 9. 0-0 Bc5 10. f3 Ng5 11. f4 Ne4 12. Be3 Bb6 13. Nd2 c5 14. N4f3 Nxd2 15. Qxd2 d4 16. Bf2 0-0 17. a4 a5 18. b3 Bf5 19. Rad1 Qd5 20. Nh4 Be4 21. Qe2 f5 22. Nf3 Qc6 23. Kh1 h6 24. Bg1 Kh7 25. Rc1 Rad8 26. Rfd1 Qe6 27. Qf1 Rg8 28. h4 Qg6 29. Qe2 Qg4 30. Bh2 Rge8 31. Rd2 Bxf3 32. Qxf3 Qxh4 33. g3 Qe7 34. g4 Qe6 35. Rg2 fxg4 36. Rxg4 Qf5 37. Rcg1 Rd7 38. Qg2 Rg8 39. Rg6 d3 40. e6 Re7 41. c4 c6 42. Qf3 d2 43. R6g5 Qxe6 44. Re5 Qd6 45. Qe4+ Kh8 46. Rxe7 d1Q 47. Rxd1 Qxd1+ 48. Kg2 Qg4+ 49. Bg3 Bd8 50. Qe6 Qh5 51. Qe5 Qg6 52. Re6 Bf6 53. Qxc5 Rd8 54. Qf2 Rd3 55. Qe1 Rxb3 56. Re8+ Kh7 57. Re3 Rxe3 58. Qxe3 Bh4 59. f5 Qxg3+ 60. Qxg3 Bxg3 61. Kxg3 Kg8 62. Kf4 Kf7 63. Ke5 h5 64. c5 Ke7 65. Ke4 Kf6 66. Kf4 h4 67. Kg4 h3 68. Kxh3 Kxf5 69. Kg3 Ke5 0-1

[Event "IRI-ch"]
[Site "Rasht"]
[Date "2024.07.20"]
[Round "4"]
[White "Ghoreishi Amiri, Seyed Kian"]
[Black "Tahbaz, Arash"]
[Result "0-1"]
[WhiteElo "2126"]
[BlackElo "2436"]
[PlyCount "86"]
[EventDate "2024.07.18"]
[EventType "tourn"]
[EventRounds "11"]
[EventCountry "IRI"]
[SourceTitle "EXT 2025"]
[Source "ChessBase"]
[SourceDate "2024.10.14"]
[SourceVersion "1"]
[SourceVersionDate "2024.10.14"]
[SourceQuality "1"]

1. e4 g6 2. d4 Bg7 3. Nc3 d6 4. f4 Nf6 5. Nf3 0-0 6. Be3 b6 7. e5 Ng4 8. Bg1 c5 9. d5 dxe5 10. h3 Nh6 11. fxe5 Nf5 12. Bf2 Nd7 13. Qe2 Qc7 14. g4 Nd4 15. Nxd4 cxd4 16. Bxd4 Nxe5 17. 0-0-0 Bd7 18. Bg2 Rac8 19. Rhe1 f6 20. Kb1 Rfe8 21. Ne4 Nf7 22. Rc1 Nd6 23. c4 Nxe4 24. Bxe4 e5 25. dxe6 Bxe6 26. Qf1 Qf7 27. Bd3 Red8 28. Bg1 b5 29. Qe2 Bxc4 30. Bxc4 bxc4 31. Red1 Rxd1 32. Qxd1 f5 33. gxf5 Qxf5+ 34. Qc2 Rb8 35. Ka1 Bxb2+ 36. Qxb2 Rxb2 37. Kxb2 Qe5+ 38. Kb1 a5 39. a4 Qb8+ 40. Ka1 Qb3 41. Bc5 Qxa4+ 42. Kb2 Qb5+ 43. Kc3 Qxc5 0-1

[Event "IRI-ch"]
[Site "Rasht"]
[Date "2024.07.18"]
[Round "1"]
[White "Ghoreishi Amiri, Seyed Kian"]
[Black "Hosseinzadeh, Nima"]
[Result "1/2-1/2"]
[WhiteElo "2126"]
[BlackElo "2255"]
[PlyCount "29"]
[EventDate "2024.07.18"]
[EventType "tourn"]
[EventRounds "11"]
[EventCountry "IRI"]
[SourceTitle "EXT 2025"]
[Source "ChessBase"]
[SourceDate "2024.10.14"]
[SourceVersion "1"]
[SourceVersionDate "2024.10.14"]
[SourceQuality "1"]

1. e4 e5 2. Nf3 Nc6 3. Bc4 Bc5 4. c3 Nf6 5. d4 exd4 6. cxd4 Bb4+ 7. Bd2 Bxd2+ 8. Nbxd2 d5 9. exd5 Nxd5 10. Qb3 Na5 11. Qa4+ Nc6 12. Qb3 Na5 13. Qa4+ Nc6 14. Qb3 Na5 15. Qd1 1/2-1/2